Statistics for Top 100 Most Followed People/Things on Twitter 2012

Click here to take the quiz!

General Stats

  • This quiz has been taken 534 times
    (129 since last reset)
  • The average score is 26 of 100

Answer Stats

#Answer% Correct
2Justin Bieber
85%
5Barack Obama
83%
3Katy Perry
76%
70Beyonce Knowles
74%
10Kim Kardashian
71%
7Taylor Swift
66%
4Rihanna
64%
51Khloe Kardashian
60%
55Kourtney Kardashian
58%
1Lady Gaga
56%
18Selena Gomez
53%
6Britney Spears
53%
38 | 40Kanye West
52%
12Oprah Winfrey
51%
14Twitter
50%
73LeBron James
46%
50One Direction
46%
22Marshall Mathers (Eminem)
46%
4950 Cent
45%
28Miley Cyrus
45%
85Facebook
45%
15Justin Timberlake
44%
21Jennifer Lopez
41%
16Cristiano Ronaldo
40%
23Instagram
40%
37Bill Gates
38%
26Adele
38%
47Harry Styles
37%
78Jessie James
37%
13Ellen DeGeneres
36%
9Shakira
34%
35Lil Wayne
34%
11Nicki Minaj
33%
97Google
32%
31Drizzy (Drake)
32%
29Snoop Dogg
31%
19Bruno Mars
30%
52Niall Horan
30%
27Demi Lovato
30%
25Chris Brown
29%
68Zayn Malik
29%
90Usher Raymond IV
28%
72CNN
27%
43Mariah Carey
27%
24Pink
27%
8YouTube
26%
65Louis Tomlinson
26%
60Liam Payne
25%
34Paris Hilton
23%
76NBA
21%
20Ashton Kutcher
21%
39Coldplay
20%
33Jim Carrey
20%
66David Guetta
19%
30Alicia Keys
18%
53Pitbull
18%
87Perez Hilton
17%
69The New York Times
17%
89Kevin Hart
17%
56Ricky Martin
17%
58FC Barcelona
17%
79Real Madrid C. F.
16%
91Demi Moore
14%
54Alejandro Sanz
14%
61Avril Lavigne
13%
93ESPN
13%
74Shaquille O'Neal
11%
64Conan O'Brien
11%
75Ludacris
11%
86Jessica Simpson
10%
48Ryan Seacrest
10%
84MTV
9%
36P Diddy
9%
57Tyra Banks
9%
88Russell Brand
8%
67Jimmy Fallon
8%
42Charlie Sheen
7%
94Dalai Lama
7%
83Nicole Polizzi (Snooki)
6%
17Kaka
6%
46Ashley Tisdale
6%
98Wayne Rooney
6%
63Daniel Tosh
5%
44TwitPic
2%
41UberSocial
2%
71Juanes
2%
32CNN Breaking News
2%
99Soulja Boy
2%
81Agnes Monica
2%
95Neymar Junior
1%
96Anahi
1%
62Programa Panico
1%
92Marcos Mion
1%
82Luciano Huck
1%
80Claudia Leitte
1%
77Paulo Coelho
1%
45Wiz Kalifa
1%
59Ivete Sangalo
1%
100Sabrina Sato Rahal
1%

Score Distribution

Percentile by Number Answered

Percent of People with Each Score

Your Score History

You have not taken this quiz since the last reset